Anesthesia and orthopaedic surgery

שמור ב:
מידע ביבליוגרפי
פורמט: ספר
שפה:Undetermined
יצא לאור: New York, NY McGraw-Hill 2006
נושאים:
תגים: הוספת תג
אין תגיות, היה/י הראשונ/ה לתייג את הרשומה!
Thư viện lưu trữ: Trung tâm Học liệu Trường Đại học Cần Thơ
LEADER 00584nam a2200193Ia 4500
001 CTU_128273
008 210402s9999 xx 000 0 und d
020 |c 2549000 
082 |a 617.96747 
082 |b A579 
245 0 |a Anesthesia and orthopaedic surgery 
245 0 |c Edited by André P. Boezaart ; artwork by Mary K. Bryson. 
260 |a New York, NY 
260 |b McGraw-Hill 
260 |c 2006 
650 |a Anesthesia in orthopedics.,Anesthesia,Orthopedic Procedures. 
650 |x methods. 
904 |i Minh 
980 |a Trung tâm Học liệu Trường Đại học Cần Thơ